000 00241nam a2200109Ia 4500
005 20251222154315.0
008 251222s9999||||xx |||||||||||||| ||spa||
082 _a838.9/L96
100 _a"Ludwing, Emil"
245 0 _aCleopatra
942 _cLIB
999 _c33562
_d33562